000 00375nam a2200145Ia 4500
008 230917s9999||||xx |||||||||||||| ||und||
040 _e123284
_aMAIN
041 _aEnglish
082 _a301.426 R565T
100 _aRobinson, Pinchas
245 0 _aTheory and practice of family welfare planning
260 _aNew Delhi
_bThomson
_c1977
300 _a104p. p.
942 _cBK
999 _c203715
_d203715